|
|
|
|
| LEADER |
00000nab a2200000 a 4500 |
| 001 |
vtls001030592 |
| 003 |
SK-MaSNL |
| 005 |
20260304000443.0 |
| 008 |
110722e20020507xo 0 slo |
| 035 |
|
|
|a SL9146
|
| 040 |
|
|
|a SLLK
|b slo
|c SLLK
|e AACR2
|
| 041 |
0 |
|
|a slo
|
| 044 |
|
|
|a xo
|c SK
|
| 080 |
|
|
|a 343(091)
|2 1981
|
| 100 |
0 |
|
|a (laf)
|4 aut
|9 1022716
|
| 245 |
1 |
0 |
|a Postih proti zlodejom v stredoveku
|b rarita
|
| 650 |
0 |
7 |
|a praniere
|2 SLLK
|9 89490
|
| 650 |
0 |
7 |
|a kostoly
|2 SLLK
|9 3023
|
| 650 |
0 |
7 |
|a dejiny
|2 SLLK
|9 3825
|
| 650 |
0 |
7 |
|a kuriozity, rekordy a zaujímavosti
|2 SLLK
|9 3788
|
| 651 |
|
7 |
|a Spišská Stará Ves (Slovensko)
|2 SLLK
|9 54503
|
| 773 |
0 |
8 |
|t Ľubovnianske noviny
|g Roč. 28, č.19, 7.5.2002, s. 1
|
| 852 |
|
|
|a ZVYKNI
|b KIS3GCP
|
| 999 |
|
|
|c 2531382
|d 2533312
|